Proceedings [of] International Cocoa Conference : (Record no. 21693)

MARC details
000 -LEADER
fixed length control field 00993nam a2200289#a 4500
001 - CONTROL NUMBER
control field 00046
003 - CONTROL NUMBER IDENTIFIER
control field HDC
007 - PHYSICAL DESCRIPTION FIXED FIELD--GENERAL INFORMATION
fixed length control field ta
008 - FIXED-LENGTH DATA ELEMENTS--GENERAL INFORMATION
fixed length control field 230623s1994 xx 000 0 eng d
020 ## - INTERNATIONAL STANDARD BOOK NUMBER
International Standard Book Number 9839996908 (pbk.).
040 ## - CATALOGING SOURCE
Original cataloging agency HDC
050 ## - LIBRARY OF CONGRESS CALL NUMBER
Classification number doc HD 9200
Item number .M236p 1991
110 ## - MAIN ENTRY--CORPORATE NAME
Corporate name or jurisdiction name as entry element Malaysian International Cocoa Conference
Location of meeting Kuala Lumpur)
Date of meeting or treaty signing (1991 :
245 #0 - TITLE STATEMENT
Title Proceedings [of] International Cocoa Conference :
Remainder of title challenges in the 90 s , Kuala Lumpur, 25-28 September 1991 /
Statement of responsibility, etc. edited by E.B Tay ... [et al.]
264 ## - PRODUCTION, PUBLICATION, DISTRIBUTION, MANUFACTURE, AND COPYRIGHT NOTICE
Place of production, publication, distribution, manufacture Kota Kinabalu :
Name of producer, publisher, distributor, manufacturer Malaysian Cocoa Board,
Date of production, publication, distribution, manufacture, or copyright notice 1994
300 ## - PHYSICAL DESCRIPTION
Extent xxvii, 611p. :
Other physical details ill. ;
Dimensions 30cm.
500 ## - GENERAL NOTE
General note Includes bibliographical references
-- Organised by Malaysian Cocoa Board
650 ## - SUBJECT ADDED ENTRY--TOPICAL TERM
Topical term or geographic name entry element Cocoa trade
Geographic subdivision Malaysia
Form subdivision Congresses
650 ## - SUBJECT ADDED ENTRY--TOPICAL TERM
Topical term or geographic name entry element Cocoa
Geographic subdivision Malaysia
Form subdivision Congresses
700 ## - ADDED ENTRY--PERSONAL NAME
Personal name Lembaga Koko Malaysia
700 ## - ADDED ENTRY--PERSONAL NAME
Personal name Lembaga Koko Malaysia
700 ## - ADDED ENTRY--PERSONAL NAME
Personal name Tay, E.B
942 ## - ADDED ENTRY ELEMENTS (KOHA)
Source of classification or shelving scheme Library of Congress Classification
942 ## - ADDED ENTRY ELEMENTS (KOHA)
Koha item type Book
942 ## - ADDED ENTRY ELEMENTS (KOHA)
Call number prefix doc HD 9200
942 ## - ADDED ENTRY ELEMENTS (KOHA)
Call number suffix .M236p 1991
Holdings
Withdrawn status Lost status Source of classification or shelving scheme Damaged status Not for loan Collection Home library Current library Shelving location Date acquired Total checkouts Full call number Date last seen Price effective from Koha item type
    Library of Congress Classification     Non-fiction Halal Development Corporation Library Halal Development Corporation Library Open Shelves 17/11/2020   doc HD 9200 .M236p 1991 24/05/2023 24/05/2023 Book
Halal Development Corporation Berhad (HDC)
5.02 Level 5, KPMG Tower, First Avenue, Persiaran Bandar Utama, 47800 Petaling Jaya, Selangor Darul Ehsan
Phone: +603 7965 5489 Email: [email protected]